| 000 | 00636nam a2200205Ia 4500 | ||
|---|---|---|---|
| 003 | GCL | ||
| 005 | 20240530110158.0 | ||
| 008 | 140319s9999 xx 000 0 ara d | ||
| 040 |
_aGCL / _cGCL |
||
| 082 | 0 | 4 |
_a603 _bم/م م |
| 100 | 1 | _aشفيق ذهنى | |
| 245 | 1 | 0 |
_aموسوعة التكنولوجيا: الاجهزة وكيف تعمل? / _cشفيق ذهنى |
| 260 |
_a[S.N] : _bدار المعارف ، _c1979 |
||
| 300 | _a2501 ص | ||
| 490 |
_aشكاوى المصرى الفصيح _v0 |
||
| 650 | 0 | 4 | _aموسوعات |
| 650 | 0 | 4 | _aالتكنولوجيا |
| 700 | 1 | _aمحمد فؤاد ابراهيم | |
| 942 |
_2ddc _cREF |
||
| 999 |
_c59224 _d59224 |
||